000
00408nam a2200133Ia 4500
008
100328s9999 xx 000 0 und d
082
_b
17186
100
_a
सुदर्शन
245
_a
सुदर्शन सुमन
260
_b
राजपाल अॅन्ड सन्स
630
_a
सुदर्शन सुमन
730
_a
सुदर्शन सुमन
942
_c
BOOK
999
_c
511800
_d
511797